東武6050型方向幕対照表(側面) - Statistics

General Stats
  • This quiz has been taken 37 times
  • The average score is 29 of 57
Answer Stats
Hint Answer % Correct
35 回送
93%
37 臨時
93%
22 快速浅草
89%
58 普通浅草
89%
18 普通北千住
82%
36 試運転
82%
05 普通新栃木
79%
06 普通新鹿沼
79%
07 普通下今市
79%
10 普通鬼怒川温泉
79%
12 普通新藤原
79%
04 普通栃木
75%
24 快速東武日光
75%
28 快速新藤原
75%
08 普通東武日光
71%
11 普通鬼怒川公園
71%
13 普通会津高原尾瀬口
71%
14 普通会津高原
71%
55 たびじ
71%
09 普通東武宇都宮
68%
15 普通南栗橋
68%
02 普通会津田島
64%
17 急行東武日光
64%
26 快速鬼怒川温泉
64%
27 快速鬼怒川公園
64%
47 区間快速鬼怒川温泉
64%
16 急行南栗橋
61%
30 快速会津高原
61%
32 快速会津高原尾瀬口
61%
38 区間快速浅草
61%
46 区間快速東武日光
61%
49 区間快速新藤原
61%
48 区間快速鬼怒川公園
57%
50 区間快速会津高原尾瀬口
57%
29 区間急行東武日光
46%
20 区間急行浅草
43%
23 区間急行南栗橋
43%
45 快速北千住
43%
56 林間学校
43%
39 区間快速北千住
39%
25 区間急行新栃木
36%
41 特急連絡東武日光
32%
43 特急連絡下今市
32%
21 区間急行北千住
25%
42 特急連絡鬼怒川温泉
25%
19 準急東武日光
14%
31 快速(鬼怒川温泉)新藤原
11%
33 快速(鬼怒川温泉)会津高原
11%
34 快速(鬼怒川温泉)会津高原尾瀬口
11%
51 区間快速(鬼怒川温泉)新藤原
11%
52 区間快速(鬼怒川温泉)会津高原尾瀬口
11%
01 快速(会津高原尾瀬口)会津田島
7%
03 快速(鬼怒川温泉会津高原尾瀬口)会津田島
7%
57 区間快速(鬼怒川温泉会津高原尾瀬口)会津田島
7%
40 快速(会津高原)会津田島
4%
53 区間快速(会津高原尾瀬口)会津田島
4%
54 快速(鬼怒川温泉会津高原)会津田島
4%
No matching quizzes found
Score Distribution
Percent of People with Each Score
Percentile by Number Answered
Your Score History
You have not taken this quiz